El aprendizaje del cálculo : más allá de Piaget y de la teoría de conjuntos /

Detalles Bibliográficos
Autor principal: Brissiaud, Remi
Formato: Libro
Lenguaje:español
Publicado: Madrid, España Visor 1993
Colección:Aprendizaje 90
Materias:

MARC

LEADER 00000cam a2200000 a 4500
001 016064
003 UAHC_CL
005 20170803121328.0
008 050324b1993 sp 000 spa
040 |a UAHC_CL  |c UAHC_CL  |d UAHC_CL 
100 1 |a Brissiaud, Remi 
245 1 3 |a El aprendizaje del cálculo :  |b más allá de Piaget y de la teoría de conjuntos /  |c Remi Brissiaud. 
260 |b Visor  |c 1993  |a Madrid, España 
300 |a 233 p. 
490 0 |a Aprendizaje  |v 90 
521 |a Construcción del conocimiento matemático 2 
650 4 |a MATEMATICAS  |x ENSEÑANZA 
653 |a PEDAGOGIA EN EDUCACION BASICA 
900 |a 372.7 BRI 
942 |c BK 
952 |0 0  |1 0  |4 0  |6 372_700000000000000_BRI  |7 0  |8 General  |9 32017  |a BC  |b BC  |c General  |d 2017-08-03  |o 372.7 BRI  |p 1347776  |r 2026-01-13 00:00:00  |t 1  |w 2017-08-03  |y BK 
952 |0 0  |1 0  |4 0  |6 372_700000000000000_BRI  |7 0  |8 General  |9 32018  |a BC  |b BC  |c General  |d 2017-08-03  |o 372.7 BRI  |p 1347777  |r 2026-01-13 00:00:00  |t 2  |w 2017-08-03  |y BK 
999 |c 16064  |d 16064